000 00599nam a2200229Ia 4500
003 OSt
005 20221005130030.0
006 a|||||r|||| 00| 0
007 ta
008 221004b |||||||| |||| 00| 0 guj d
024 _a10070
037 _cTextual
040 _aCRL
_cCRL
_bguj
041 _2guj
_aguj
082 _aO113,3M83,1, 168N80
100 _aRaham Ali Hashmi
_9637495
245 0 _aPur asrar muqadama
_b the trial
260 _c1980
650 _aURDU LITERATURE
942 _hO113,3M83,1, 168N80
_cTEXL
_2cc
999 _c1055852
_d1055852